| 000 | 00317nam a22001337a 4500 | ||
|---|---|---|---|
| 020 | _qPB. | ||
| 040 | _cFIZZA ISHAQ | ||
| 082 |
_a005.432 _bDAV |
||
| 100 |
_aCLINTON,DAVID. _991588 |
||
| 245 |
_aUBUNTU LINUX BIBLE / _cDAVID CLINTON. |
||
| 260 |
_aJOHN WILEY & SONS ; _c2021. |
||
| 300 | _a718 P. ; | ||
| 942 |
_2ddc _cBK |
||
| 999 |
_c589716 _d589716 |
||